000
00233 a2200085 4500
082
_a
297.1226 KAR
245
_a
Al Hadis [Book 3]
_c
Maulana Fazlul Karim
260
_a
Pakistan
_b
Islamic Education Center
_c
1998
300
_a
793p .
_c
23 cm.
650
_a
Islam-Translation
999
_c
161
_d
161